000 00797cab a2200229 4500
001 ABS43221
008 090401t1990 xxu||||| |||| 00| 0 eng d
035 _a(Sirsi) u40884
041 _aeng
100 _aMcLoughlin, P.
245 _aCompensation for disturbance of business tenants
260 _c1990
350 _a0
490 _aEstates Gazette
_v(9033) 18 August 1990, 22-54(2)
520 _aExplains new provisions for the calculation of compensation for disturbance of business tenancies and the option tenants have to be compensated at the rate in operation at 31 March 1990.
650 _aAPPROPRIATE MULTIPLER
650 _aLANDLORD AND TENANT ACT 1954
650 _aRATEABLE VALUE
690 _aLANDLORD AND TENANT-BUSINESS TENANCIES
942 _n0
948 _c04/03/1997
999 _c26210
_d26210